000 00458nam a2200181Ia 4500
001 19583
005 20260306172704.0
008 260306t2018||||xx |||||||||||||| ||spa||
041 _aESP
082 _a340.7
_bE373 N° 9
100 _aMorón Urbina, Juan Carlos
_eAUT
245 0 _aAspectos jurídicos de la contratación estatal
260 _c2018
300 _a194 páginas :
_c20 cm.
650 _aGEN
654 _aCDE
942 _cLIB
_dJUS
_fJUS
_2ddc
_n
999 _c19583
_d19583